| 000 -LEADER |
| fixed length control field |
00524nam a22001815i 4500 |
| 003 - CONTROL NUMBER IDENTIFIER |
| control field |
OSt |
| 005 - DATE AND TIME OF LATEST TRANSACTION |
| control field |
20240116144207.0 |
| 008 - FIXED-LENGTH DATA ELEMENTS--GENERAL INFORMATION |
| fixed length control field |
211228s2022 mau 000 0 eng |
| 020 ## - INTERNATIONAL STANDARD BOOK NUMBER |
| International Standard Book Number |
9783035625042 |
| Qualifying information |
(paperback) |
| 040 ## - CATALOGING SOURCE |
| Original cataloging agency |
DLC |
| Language of cataloging |
eng |
| Description conventions |
rda |
| Transcribing agency |
DLC |
| 082 ## - DEWEY DECIMAL CLASSIFICATION NUMBER |
| Classification number |
001.4226 |
| Item number |
LAC |
| 100 1# - MAIN ENTRY--PERSONAL NAME |
| Personal name |
Lachenmeier, Nicole, |
| Relator term |
author. |
| 245 10 - TITLE STATEMENT |
| Title |
Visualizing complexity : |
| Remainder of title |
modular information design handbook / |
| Statement of responsibility, etc |
Nicole Lachenmeier, Darjan Hil. |
| 263 ## - PROJECTED PUBLICATION DATE |
| Projected publication date |
2205 |
| 300 ## - PHYSICAL DESCRIPTION |
| Extent |
pages cm |
| 700 1# - ADDED ENTRY--PERSONAL NAME |
| Personal name |
Hil, Darjan, |
| Relator term |
author. |
| 942 ## - ADDED ENTRY ELEMENTS (KOHA) |
| Source of classification or shelving scheme |
|